Flags That Look Alike - Statistics

General Stats
  • This quiz has been taken 70 times
  • The average score is 4 of 5
Answer Stats
Question Answer % Correct
witch of these flags, is the Turkey flag
100%
witch of these flags, is the Mauritania flag?
94%
witch of these flags, is the Senegal flag?
88%
witch of these flags, is the Tokelau?
81%
witch of these flags, is the Monaco flag?
69%
No matching quizzes found
Score Distribution
Percent of People with Each Score
Percentile by Number Answered
Your Score History
You have not taken this quiz